|
|
|
|
| LEADER |
00741nam a2200193Ia 4500 |
| 001 |
CTU_25138 |
| 008 |
210402s9999 xx 000 0 und d |
| 082 |
|
|
|a 959.8
|
| 082 |
|
|
|b Th404/1998
|
| 100 |
|
|
|a Nguyễn Thanh Thoại
|
| 245 |
|
0 |
|a Tiến trình đấu tranh giải phóng dân tộc ở Indonesia
|
| 245 |
|
0 |
|b Luận văn tốt nghiệp Đại học Sư phạm ngành Sử Khóa 20
|
| 245 |
|
0 |
|c Nguyễn Thanh Thoại
|
| 260 |
|
|
|a Cần Thơ
|
| 260 |
|
|
|b Trường Đại học Cần Thơ, Khoa Sư phạm, Bộ môn Sử
|
| 260 |
|
|
|c 1998
|
| 650 |
|
|
|a indonesia - history
|
| 904 |
|
|
|i Nguyễn Quang Điền, 980915
|
| 980 |
|
|
|a Trung tâm Học liệu Trường Đại học Cần Thơ
|